000 00509nam a2200181Ia 4500
008 100921s9999 xx 000 0 und d
082 _b12681
_a891.463 थ 77
100 _aकीर गिरीजा.
245 _aगिरकी.
260 _bहेमचंद्र प्रकाशन,.
_c1977
300 _a171
_b---
365 _b14
520 _aललित-कथा.
630 _aगिरकी.
650 _aललित-कथा.
730 _aगिरकी.
942 _cBOOK
999 _c761794
_d761791